Dimethylformamide

Αποθηκεύτηκε σε:
Λεπτομέρειες βιβλιογραφικής εγγραφής
Συγγραφή απο Οργανισμό/Αρχή: International Programme on Chemical Safety
Μορφή: Βιβλίο
Γλώσσα:English
Δημοσίευση: Geneva : World Health Organization, 1991
Σειρά:Environmental health criteria ; ; 114
Θέματα:
Ετικέτες: Προσθήκη ετικέτας
Δεν υπάρχουν, Καταχωρήστε ετικέτα πρώτοι!

MARC

LEADER 00000nam a2200000 i 4500
001 1/93235
008 940419s1991 eng d
020 |a 92-4-157114-4 
035 |l 10008761 
040 |a GR-MY-UA  |b gre  |e aacr 
041 0 |a eng 
082 0 |a 547.8 
110 2 |a International Programme on Chemical Safety. 
245 1 0 |a Dimethylformamide /  |c International Programme on Chemical Safety 
260 |a Geneva :   |b World Health Organization,   |c 1991 
300 |a 123 p. 
490 1 |a Environmental health criteria  |v ; 114  |x 0250-863X 
500 |a Published under the joint sponsorhip of the United Nations Environment Programme, the International Labour Organization, and the World Health Organization.Includes bibliographical referenses. 
650 0 0 |a Dimethylformamide. 
650 0 0 |a Environmental health. 
830 0 |a Environmental health criteria ;  |v ; 114  |x 0250-863X 
852 |a INST  |b LESVOS  |e 19940419  |h 547.8 DIM  |p 005100005919  |q 005100005919  |t BK  |y 0 
909 |a Λ  |b 027550